| 000 | 00000nam 2200000za 4500 |
| 001 | 9.840821 |
| 003 | CaOODSP |
| 005 | 20221107151933 |
| 007 | cr ||||||||||| |
| 008 | 170801s1998 onc |o||||f|0| 0|fre d |
| 040 | |aCaOODSP|bfre |
| 041 | |afre|aeng |
| 043 | |an-cn--- |
| 086 | 1 |aCS11-617/98-7-PDF |
| 100 | 1 |aFaber, G. B. |
| 245 | 10|aOverview and strategy for version 1.2 of the Generalized Sampling System |h[ressource électronique] = |bAperçu de la version 1.2 du Système généralisé d'échantillonnage et stratégie employée / |cG. B. Faber, N. Laniel et D. M. Yeo. |
| 246 | 11|aAperçu de la version 1.2 du Système généralisé d'échantillonnage et stratégie employée |
| 260 | |a[Ottawa] : |bStatistique Canada, |c1998. |
| 300 | |a13, 14 p. |
| 490 | 1 |aCahier de travail (Statistique Canada. Direction de la méthodologie) ; |v98-7 |
| 500 | |aÉdition numérisée de l'imprimé [par Statistique Canada]. |
| 500 | |a« Cahier de travail no. BSMD-98-007E/F. » |
| 500 | |a« Juin 1998. » |
| 504 | |aComprend des références bibliographiques. |
| 546 | |aTexte en français et en anglais. |
| 692 | 07|2gccst|aMéthodologie |
| 692 | 07|2gccst|aAnalyse statistique |
| 700 | 1 |aLaniel, N. |
| 700 | 1 |aYeo, D. M. |
| 710 | 1 |aCanada. |bStatistique Canada. |bDirection de la méthodologie. |
| 791 | |tOverview and strategy for version 1.2 of the Generalized Sampling System |eeng|w(CaOODSP)9.840819 |
| 830 | #0|aCahier de travail (Statistique Canada. Direction de la méthodologie)|v98-7|w(CaOODSP)9.834767 |
| 856 | 40|qPDF|s3.14 Mo|uhttps://publications.gc.ca/collections/collection_2017/statcan/11-613/CS11-617-98-7.pdf |
| 986 | |a11-617E/F no. 98-07 |